MARC

LEADER 00000nam0a2200000 4500
001 196235
005 20231101224658.0
010 |b 1000 экз. 
035 |a (RuTPU)RU\TPU\book\214080 
090 |a 196235 
100 |a 20110520d1924 k y0rusy50 ca 
101 0 |a rus 
102 |a RU 
105 |a a z 000zy 
200 1 |a Весы и взвешивание  |f В. Д. Кузнецов 
205 |a 3-е изд. измененное и доп. 
210 |a Томск  |c Типография Томского Печатно-Издательского Треста  |d 1924 
215 |a 65 с.  |c ил. 
300 |a Литогр. изд. 
606 1 |a Весы  |2 stltpush  |3 (RuTPU)RU\TPU\subj\2312  |9 30893 
610 1 |a физика 
610 1 |a учебные пособия 
610 1 |a труды учёных ТПУ 
610 1 |a коллекция ТПУ 
610 1 |a теория 
610 1 |a устройство 
610 1 |a гири 
610 1 |a установка 
610 1 |a эксплуатация 
675 |a 681.26(075)  |v 3 
700 1 |a Кузнецов  |b В. Д.  |c русский физик  |c профессор, академик АН СССР  |c преподавал в ТТИ и на Сибирских высших женских курсах  |c с 1917 преподавал в ТГУ, директор СФТИ (1929-1933, 1937-1960)  |f 1887-1963  |g Владимир Дмитриевич  |2 stltpush  |3 (RuTPU)RU\TPU\pers\18076 
801 1 |a RU  |b 63413507  |c 20110520 
801 2 |a RU  |b 63413507  |c 20191113  |g RCR 
942 |c BK